Trouve ces dessin animée avec les images - Statistiques

Statistiques générales
  • Ce quiz a été pris 452 fois
  • Le résultat moyen est 14 sur 16
Statistiques - réponses
Par images Réponse % Correct
dora l'exploratrice
98%
Hello kitty
97%
La pat patrouille
96%
Tchoupi
95%
Tom et jerry
95%
les minijusticiers
94%
miraculous
92%
Sam le pompier
90%
Charlotte aux fraise
89%
l'ane trotro
88%
Les sisters
85%
les super nana
84%
Angelo la débrouille
73%
dalton
73%
Heidi
71%
Robocar poli
51%
Aucun quiz correspondant
Distribution des résultats
% des personnes avec chaque résultat
Percentile par nombre de réponses
Votre historique - résultats
Vous n’avez pas pris ce quiz